000 01135nam0a22002411 4500
001 rc\402431
005 20260407124114.0
035 _a(NLR Aleph) 005651076
090 _a6772155
_c6772155
100 _a20030616d1989 |||y0rusy50 ca
101 0 _arus
102 _aRU
105 _ay |||||||||
200 1 _aЗащита сельскохозяйственных растений от вредителей, болезней и сорняков
_eПроф.-произв. библиогр. указ. описаний изобрет. СССР за 1981-1989 гг.
_fКаз. НИИ НТИ и техн.-экон. исслед., Респ. науч.-техн. б-ка КазССР
_g[Составитель Л.Н. Кобкова]
210 _aАлма-Ата
_cБ. и.
_d1989
215 _a28, [3] с.
_d21
702 1 _aКобкова
_bЛ.Н.
_4220
712 0 2 _aКазахская республиканская научно-техническая библиотека
_cАлма-Ата
_3RU\NLR\AUTH\889964733
_9425680
801 0 _aRU
_bNLR
_gpsbo
801 1 _aRU
_bELAR
_2rusmarc
852 _aNLR
_bПт
_j10.12/146
942 _cBOOK
980 _aNB